جد ید آ سا ن لغا ت ا لقر آ ن (Record no. 140740)

MARC details
000 -LEADER
fixed length control field 00989nam a22002897a 4500
005 - DATE AND TIME OF LATEST TRANSACTION
control field 20170605151332.0
008 - FIXED-LENGTH DATA ELEMENTS--GENERAL INFORMATION
fixed length control field 170605b xxu||||| |||| 00| 0 Urdu d
010 ## - LCCN (DPL NO)
LC control number 183103
020 ## - INTERNATIONAL STANDARD BOOK NUMBER
Terms of availability 00
035 ## - SYSTEM CONTROL NUMBER
System control number 183103
037 ## - SOURCE OF ACQUISITION
Source of stock number/acquisition Cen Lib/Ret
040 ## - CATALOGING SOURCE
Original cataloging agency DPL
Language of cataloging UR
082 ## - DEWEY DECIMAL CLASSIFICATION NUMBER
Classification number 270.2
100 ## - MAIN ENTRY--PERSONAL NAME
Personal name مر تبہ:عبد ا لکر ییم پا ریکھ
9 (RLIN) 136743
245 ## - TITLE STATEMENT
Title جد ید آ سا ن لغا ت ا لقر آ ن
Statement of responsibility, etc مر تبہ:عبد ا لکر ییم پا ریکھ
246 ## - VARYING FORM OF TITLE
Title proper/short title Jadeed Aasan Lughaat Ul Quraan
Remainder of title by Abdul Kareem Pareekh
260 ## - PUBLICATION, DISTRIBUTION, ETC. (IMPRINT)
Place of publication, distribution, etc Naagpur
Name of publisher, distributor, etc Mohd. Abdur Rasheed Khan
Date of publication, distribution, etc 1961
270 ## - ADDRESS
Address Main Road ,Kamti,
City Naagpur
300 ## - PHYSICAL DESCRIPTION
Extent 301p.:
Dimensions 21cm(Hb)
500 ## - GENERAL NOTE
General note اشاریہ اور ضمیمہ بھی شامل
650 ## - SUBJECT ADDED ENTRY--TOPICAL TERM
Topical term or geographic name as entry element مذہب
Form subdivision
9 (RLIN) 136744
650 ## - SUBJECT ADDED ENTRY--TOPICAL TERM
Topical term or geographic name as entry element اسلام
9 (RLIN) 136745
650 ## - SUBJECT ADDED ENTRY--TOPICAL TERM
Topical term or geographic name as entry element Religion
9 (RLIN) 136746
650 ## - SUBJECT ADDED ENTRY--TOPICAL TERM
Topical term or geographic name as entry element Islam
9 (RLIN) 5289
700 ## - ADDED ENTRY--PERSONAL NAME
Personal name محمد هادی حسین
9 (RLIN) 136747
942 ## - ADDED ENTRY ELEMENTS (KOHA)
Source of classification or shelving scheme Dewey Decimal Classification
Item type Urdu Bks
Classification part 270.2
Call number suffix پ ا ر
Holdings
Withdrawn status Lost status Source of classification or shelving scheme Damaged status Not for loan Collection code Home library Current library Date acquired Source of acquisition Cost, normal purchase price Total Checkouts Full call number Barcode Date last seen Copy number Cost, replacement price Koha item type
Withdrawn   Dewey Decimal Classification     Non-fiction Central Library Central Library 05/06/2017 BPPD 0.00   270.2 پ ا ر 183103 05/06/2017 1 0.00 Urdu Bks

© Delhi Public Library
Hit Counter
free hit counter